000 00886 a2200229 4500
003 Nust
005 20170207153553.0
010 _a 2002032425
020 _a0471204889 (alk. paper)
040 _cNust
082 0 0 _a910.285
100 1 _aHarmon, John E.
245 1 4 _aThe design and implementation of geographic information systems (E-BOOK)
_cJohn E. Harmon and Steven J. Anderson.
260 _aHoboken, N.J. :
_bJ. Wiley,
_cc2003.
300 _aviii, 264 p. ;
_bill. ;
_c25 cm.
500 _aEBOOK
650 0 _aGeographic information systems.
700 1 _aAnderson, Steven J.,
_d1964-
856 4 2 _3Contributor biographical information
_uhttp://www.loc.gov/catdir/bios/wiley043/2002032425.html
856 4 2 _3Publisher description
_uhttp://www.loc.gov/catdir/description/wiley036/2002032425.html
856 4 2 _3Table of contents
_uhttp://www.loc.gov/catdir/toc/wiley031/2002032425.html
942 _2ddc
_cBK
999 _c188934
_d188934